| Tag |
First Indicator |
Second Indicator |
Subfields |
| LEADER |
00000cam a22000001 4500 |
| 001 |
in00000683052 |
| 005 |
20151015161042.0 |
| 008 |
740123r19671900nyua j 000 0 eng |
| 010 |
|
|
|a 67017983
|
| 019 |
|
|
|a 848301
|
| 020 |
|
|
|a 0486217914 (pbk.)
|
| 020 |
|
|
|a 9780486217918 (pbk.)
|
| 029 |
1 |
|
|a NLGGC
|b 061305669
|
| 029 |
1 |
|
|a YDXCP
|b 432758
|
| 029 |
1 |
|
|a NZ1
|b 3276710
|
| 029 |
1 |
|
|a AU@
|b 000000118322
|
| 035 |
|
|
|a (OCoLC)ocm00423375
|
| 035 |
|
|
|a (OCoLC)423375
|z (OCoLC)848301
|
| 035 |
|
|
|a (OCoLC)00423375
|
| 035 |
|
|
|9 ACZ3432AM
|
| 040 |
|
|
|a DLC
|c DLC
|d NOR
|d LVB
|d OCLCQ
|d BAKER
|d BTCTA
|d YDXCP
|d IBS
|d OCLCG
|d BOS
|d TXA
|d UtOrBLW
|
| 042 |
|
|
|a lcac
|
| 049 |
|
|
|a TXAM
|
| 050 |
1 |
4 |
|a PN911
|b .F001
|
| 050 |
0 |
0 |
|a PZ8.L15
|b Gr4
|
| 082 |
0 |
0 |
|a 398.21
|
| 100 |
1 |
|
|a Lang, Andrew,
|d 1844-1912.
|
| 245 |
1 |
4 |
|a The grey fairy book /
|c edited by Andrew Lang. With numerous illus. by H.J. Ford.
|
| 264 |
|
1 |
|a New York :
|b Dover Publications,
|c [1967]
|
| 300 |
|
|
|a xii, 387 pages :
|b illustrations ;
|c 22 cm.
|
| 336 |
|
|
|a text
|b txt
|2 rdacontent
|
| 337 |
|
|
|a unmediated
|b n
|2 rdamedia
|
| 338 |
|
|
|a volume
|b nc
|2 rdacarrier
|
| 520 |
|
|
|a A collection of thirty-five fairy tales from the folklore of Lithuania, Africa, Germany, Greece, and France.
|
| 500 |
|
|
|a "Unabridged and unaltered republication of the work originally published ... in 1900."
|
| 505 |
0 |
|
|a Donkey skin -- The goblin pony -- An impossible enchantment -- The story of Dschemil and Dschemila -- Janni and the Draken -- The partnership of the thief and the liar -- Fortunatus and his purse -- The goat-faced girl -- What came of picking flowers -- The story of Bensurdatu -- The magician's horse -- The little gray man -- Herr Lazarus and the Draken -- The story of the queen of the Flowery Isles -- Udea and her seven brothers -- The white wolf -- Mohammed with the magic finger -- Bobino -- The dog and the sparrow -- The story of the three sons of Hali -- The story of the fair Circassians -- The jackal and the spring -- The bear -- The sunchild -- The daughter of Buk Ettemsuch -- Laughing eye and weeping eye; or, The limping fox -- The unlooked-for prince -- The simpleton -- The street musicians -- The twin brothers -- Cannetella -- The ogre -- A fairy's blunder -- Long, Broad, and Quickeye -- Prunella.
|
| 650 |
|
0 |
|a Fairy tales.
|
| 650 |
|
1 |
|a Fairy tales.
|
| 650 |
|
1 |
|a Folklore.
|
| 650 |
|
6 |
|a Contes de fées.
|
| 650 |
|
6 |
|a Folklore.
|
| 650 |
|
0 |
|a Folklore.
|
| 700 |
1 |
|
|a Ford, H. J.
|q (Henry Justice),
|d 1860-1941,
|e illustrator.
|
| 938 |
|
|
|a Baker & Taylor
|b BKTY
|c 12.95
|d 9.71
|i 0486217914
|n 0000103594
|s active
|
| 938 |
|
|
|a Baker and Taylor
|b BTCP
|n 67017983
|
| 938 |
|
|
|a YBP Library Services
|b YANK
|n 432758
|
| 994 |
|
|
|a C0
|b TXA
|
| 999 |
|
|
|a MARS
|
| 999 |
f |
f |
|s a7378e0d-048f-3194-a9c5-a20b93004972
|i f7500ac0-e8f0-35ef-a5e5-946bc68e106a
|t 0
|
| 952 |
f |
f |
|p normal
|a Texas A&M University
|b College Station
|c Sterling C. Evans Library
|d Evans: Curriculum Collection (4th floor)
|t 0
|e PZ8.L15 Gr4
|h Library of Congress classification
|i unmediated -- volume
|m A14800245063
|
| 998 |
f |
f |
|a PZ8.L15 Gr4
|t 0
|l Evans: Curriculum Collection (4th floor)
|